00578nam a22001577a 4500008004100000040005500041080002300096100002400119245004200143260003300185300001000218650002100228942001200249999001700261952014200278230324b |||||||| |||| 00| 0 eng d aNational Science LibrarycNational Science Library aD 681.3.06JavabP1 aMacAuley, Christian aJava script: bProgrammer's reference aNew Delhi: bOsborne, c2001 a272p. aComputer science 2udccBK c14130d14130 00102udc406D_680306_P170920904aNSLbNSLcGF/Rk-4/C-3/R-1d2003-07-02l0oD 680.3.06 P1p180520r2023-03-24 00:00:00w2003-07-02yBK